Understanding cross-cultural management / (Record no. 13844)
[ view plain ]
| 000 -LEADER | |
|---|---|
| fixed length control field | 01392cam a2200349 a 4500 |
| 001 - CONTROL NUMBER | |
| control field | 15208568 |
| 003 - CONTROL NUMBER IDENTIFIER | |
| control field | EG-ScBUE |
| 005 - DATE AND TIME OF LATEST TRANSACTION | |
| control field | 20210922093150.0 |
| 008 - FIXED-LENGTH DATA ELEMENTS--GENERAL INFORMATION | |
| fixed length control field | 080306s2008 enk f b 001 0 eng d |
| 020 ## - INTERNATIONAL STANDARD BOOK NUMBER | |
| International Standard Book Number | 9780273703365 |
| 035 ## - SYSTEM CONTROL NUMBER | |
| System control number | (OCoLC)213358139 |
| 035 ## - SYSTEM CONTROL NUMBER | |
| System control number | (OCoLC)ocn213358139 |
| 040 ## - CATALOGING SOURCE | |
| Original cataloging agency | DLC |
| Language of cataloging | eng |
| Description conventions | rda |
| Transcribing agency | DLC |
| Modifying agency | BTCTA |
| -- | BWKUK |
| -- | BWK |
| -- | CDX |
| -- | DLC |
| -- | EG-ScBUE |
| 082 04 - DEWEY DECIMAL CLASSIFICATION NUMBER | |
| Classification number | 658.3008 |
| Item number | BRO |
| Edition number | 22 |
| 100 1# - MAIN ENTRY--PERSONAL NAME | |
| 9 (RLIN) | 13352 |
| Personal name | Browaeys, Marie-Joëlle, |
| Relator term | author. |
| 245 10 - TITLE STATEMENT | |
| Title | Understanding cross-cultural management / |
| Statement of responsibility, etc | Marie-Joelle Browaeys and Roger Price, Nyenrode Business University. |
| 264 #1 - PUBLICATION, DISTRIBUTION, ETC. (IMPRINT) | |
| Place of publication, distribution, etc | Harlow, England : |
| Name of publisher, distributor, etc | Pearson Education Limited, |
| Date of publication, distribution, etc | 2008. |
| 300 ## - PHYSICAL DESCRIPTION | |
| Extent | xvi, 363 pages ; |
| Dimensions | 25 cm |
| 336 ## - CONTENT TYPE | |
| Source | rdacontent |
| Content type term | text |
| Content type code | txt |
| 337 ## - MEDIA TYPE | |
| Source | rdamedia |
| Media type term | unmediated |
| Media type code | n |
| 338 ## - CARRIER TYPE | |
| Source | rdacarrier |
| Carrier type term | volume |
| Carrier type code | nc |
| 504 ## - BIBLIOGRAPHY, ETC. NOTE | |
| Bibliography, etc | Includes bibliographical references and index. |
| 650 #7 - SUBJECT ADDED ENTRY--TOPICAL TERM | |
| 9 (RLIN) | 13353 |
| Topical term or geographic name as entry element | Diversity in the workplace |
| General subdivision | Management. |
| Source of heading or term | BUEsh |
| 651 ## - SUBJECT ADDED ENTRY--GEOGRAPHIC NAME | |
| Source of heading or term | BUEsh |
| 653 ## - INDEX TERM--UNCONTROLLED | |
| Resource For college | BAEPS, Business Administration |
| Arrived date list | September2021 |
| 655 ## - INDEX TERM--GENRE/FORM | |
| Form subdivision | Reading book |
| 9 (RLIN) | 34232 |
| 700 1# - ADDED ENTRY--PERSONAL NAME | |
| Personal name | Price, Roger, |
| Dates associated with a name | 1946- |
| Relator term | author. |
| 9 (RLIN) | 13354 |
| 856 41 - ELECTRONIC LOCATION AND ACCESS | |
| Materials specified | Table of contents only |
| Uniform Resource Identifier | <a href="http://www.loc.gov/catdir/toc/ecip0812/2008010056.html">http://www.loc.gov/catdir/toc/ecip0812/2008010056.html</a> |
| 942 ## - ADDED ENTRY ELEMENTS (KOHA) | |
| Source of classification or shelving scheme | Dewey Decimal Classification |
| Koha item type | Book - Borrowing |
| Withdrawn status | Lost status | Source of classification or shelving scheme | Damaged status | Not for loan | Collection code | Home library | Current library | Shelving location | Date acquired | Total Checkouts | Total Renewals | Full call number | Barcode | Date last seen | Date checked out | Price effective from | Koha item type | Source of acquisition | Materials specified (bound volume or other part) |
|---|---|---|---|---|---|---|---|---|---|---|---|---|---|---|---|---|---|---|---|
| Dewey Decimal Classification | Baccah | Central Library | Central Library | First floor | 01/04/2010 | 30 | 52 | 658.3008 BRO | 000020292 | 15/07/2025 | 24/02/2020 | 01/04/2010 | Book - Borrowing | ||||||
| Dewey Decimal Classification | Baccah | Central Library | Central Library | First floor | 01/04/2010 | 27 | 102 | 658.3008 BRO | 000020291 | 15/07/2025 | 24/02/2020 | 01/04/2010 | Book - Borrowing | Purchase | |||||
| Dewey Decimal Classification | Baccah | Central Library | Central Library | First floor | 01/04/2010 | 26 | 73 | 658.3008 BRO | 000020290 | 15/07/2025 | 03/03/2020 | 01/04/2010 | Book - Borrowing | Purchase | |||||
| Lost and Paid For | Dewey Decimal Classification | Baccah | Central Library | Central Library | First floor | 01/04/2010 | 7 | 9 | 658.3008 BRO | 000020289 | 18/07/2011 | 03/05/2011 | 01/04/2010 | Book - Borrowing | Purchase | ||||
| Lost | Dewey Decimal Classification | Baccah | Central Library | Central Library | First floor | 01/04/2010 | 7 | 658.3008 BRO | 000020288 | 05/04/2011 | 03/04/2011 | 01/04/2010 | NB - Book (Non borrowing) | Purchase | Lost In Inventory_2015-8-23 | ||||
| Dewey Decimal Classification | Donation-Gift | Central Library | Central Library | First floor | 20/09/2021 | 658.3008 BRO | 000046428 | 15/07/2025 | Book - Borrowing | Donation |